000 01100nam a22002417a 4500
005 20170811154835.0
010 _a1516ENO7 ENG-114713
020 _a9789352032983
_c185.00
035 _aEN-98245
035 _a B-609750-785
035 _aB-664805
037 _bStar/Ven.
037 _bDBAD/PUB
082 _a480
100 _aAjay Singh
245 _aProficiency in reading comprehension :
_cby Ajay Singh
_bsimplifying the passage for you /
260 _aNew Delhi
_bArihant Publications
_c(201?)
270 _a4577/15, Agarwal Road, Daryaganj
_bNew Delhi
_e110002
300 _a288p.
_c27cm(pbk)
942 _2ddc
_cEN
_mAJA
_h480
999 _c95984
_d95984